logo

Bir Sreshtho Munshi Abdur Rouf Library
Jhenaidah Cadet College

Selected tales from Beatrix Potter / (Record no. 3)

MARC details
000 -LEADER
fixed length control field 00607nam a2200217 a 4500
001 - CONTROL NUMBER
JCCL Control Number 3
003 - CONTROL NUMBER IDENTIFIER
JCCL marc code BD-JhCC
005 - DATE AND TIME OF LATEST TRANSACTION
control field 20191218134008.0
008 - FIXED-LENGTH DATA ELEMENTS--GENERAL INFORMATION
fixed length control field 170923s1999 enk||||| |||| 00| 0 eng d
020 ## - INTERNATIONAL STANDARD BOOK NUMBER
International Standard Book Number 9780723245292
035 ## - SYSTEM CONTROL NUMBER
system control number (BD-JhCC)3
040 ## - CATALOGING SOURCE
Original cataloging agency BD-JhCC
Transcribing agency BD-JhCC
Modifying agency BD-JhCC
041 ## - LANGUAGE CODE
Language code of Book eng
082 ## - DEWEY DECIMAL CLASSIFICATION NUMBER
DDC Edition number 22
Classification number 823.912
Author mark and Year POT 1999
245 ## - TITLE STATEMENT
Title Selected tales from Beatrix Potter /
Statement of responsibility, etc Beatrix Potter
260 ## - PUBLICATION, DISTRIBUTION, ETC. (IMPRINT)
Place of publication, distribution, etc London :
Name of publisher, distributor, etc Frederick Warne,
Date of publication, distribution, etc 1999.
300 ## - PHYSICAL DESCRIPTION
Pagination 125 pages :
Other physical details illustrations (chiefly color) ;
Dimensions 21 cm
650 ## - SUBJECT ADDED ENTRY--TOPICAL TERM
Topical term or geographic name as entry element Animals
Form subdivision Juvenile fiction.
942 ## - ADDED ENTRY ELEMENTS (KOHA)
Source of classification or shelving scheme Dewey Decimal Classification
Koha item type Books
Koha issues (borrowed), all copies 2
Holdings
Source of classification or shelving scheme Damaged status Not for loan Home library Current library Shelving location Date of accession Total Checkouts Full call number Barcode Date last seen Date checked out Copy number Koha item type
Dewey Decimal Classification     JCC Rouf Library JCC Rouf Library General Stacks 09/23/2017 4 823.912 POT 1999 1407 01/21/2024 01/15/2024 C-1 Books

JCC Library | Contacts | JCC Home

Last Update on 23 September 2017
Copyright @ 2017-2020 JCC Rouf Library
Rouf Library, Jhenidah Cadet College (JCC), Bangladesh